Mišo Kováč Adamov v máji 2005 jubiluje: 75

Bibliographic Details
Main Author: Kovačka, Miloš, 1940-2019 (Author)
Format: Article
Language:Slovak
ISSN:1335-7026
Subjects:
Online Access:http://www.snk.sk/images/snk/casopis_kniznica/2005/april/59.pdf

MARC

LEADER 00000nab a2200000 a 4500
001 vtls008294112
003 SK-MaSNL
005 20260304144737.0
008 250505c2005 xo mr|p|||||||000 b|slo
015 |a SNBRB2005/08  |2 snkbucl 
035 |a (uuid)6c4079c0-aaf5-47d9-b8fb-0667cc0753dd 
035 |a urn:nbn:sk:snk-abbyys 
035 |a (urnnbn)urn:nbn:sk:snk:ar-000o6t 
038 |a SNKBUCL 
040 |a SNKBUCL  |b slo  |c SNKBUCL  |e AACR2 
041 0 |a slo 
044 |a xo  |c SK 
080 |a 82  |2 1997 
080 |a 929 Kováč, Mišo Adamov  |2 1997 
100 1 |a Kovačka, Miloš,  |d 1940-2019  |4 aut  |9 5107 
245 1 0 |a Mišo Kováč Adamov v máji 2005 jubiluje: 75  |c Miloš Kovačka 
600 1 7 |a Kováč, Michal,  |d 1930-2023  |2 snkbucl  |9 13813 
773 0 |t Knižnica  |g Roč. 6, č. 4 (2005), s. 59-61  |x 1335-7026 
850 |a Slovenská národná knižnica 
852 |a Slovenská národná knižnica 
856 4 1 |u http://www.snk.sk/images/snk/casopis_kniznica/2005/april/59.pdf 
954 |a odborná, vedecká literatúra pôvodná (slovenská)  |2 lita 
958 |a article15 
958 |a OND 
958 |a KL 
958 |a BX 
958 |a LX 
958 |a EUIPO 
999 |c 2932995  |d 2934925